000 00260nam a22001097a 4500
008 170120b xxu||||| |||| 00| 0 eng d
020 _a9781455756889
041 _aeng
080 _212TH
_a618.2
245 _aTHE MEDICAL ASSISTANT
_cPROCTOR. D.B
942 _2udc
_cBK
999 _c3326
_d3326